Quiz Cultura Generale - Quiz n°51 - Statistics

Statistiche generali
  • Questo quiz è stato fatto 191 volte
  • Il punteggio medio è 7 su 15
Statistiche sulle risposte
Domanda Risposta % Corretto
Quanti modi verbali esistono in italiano? 7
90%
Quale nazione ha vinto la staffetta 4×100 metri maschile alle Olimpiadi di Tokyo 2020? Italia
80%
Quale marchio automobilistico ha per simbolo un toro? Lamborghini
68%
Di quale band fa parte la moglie di David Beckham? Spice Girls
65%
Qual è la capitale più occidentale dell'Europa continentale? Lisbona
52%
Quale religione celebra la festa dello "Yom Kippur"? Ebraismo
48%
Quale creatura mitologica è in grado di controllare il fuoco e di rinascere dalle proprie ceneri dopo la morte? Fenice
48%
Chi canta "Livin' la vida loca"? Ricky Martin
48%
Nei Promessi sposi, chi, in seguito a una crisi di coscienza, giunge a un clamoroso pentimento? Innominato
46%
Qual è la capitale del Senegal? Dakar
45%
Chi è l'antagonista principale di Super Mario? Bowser
44%
Qual è la città africana con più abitanti? Lagos
27%
Qual è stato il nome dello Zimbabwe dal 1965 al 1979? Rhodesia meridionale
14%
Qual è il chetone più semplice che si può formare? Acetone
13%
Quale fiume scorre attraversa la città di Praga? Moldava
6%
Nessun quiz corrispondente trovato
Distribuzione punteggi
Percentuale di utenti per punteggio
Percentile per numero di risposta
I tuoi punteggi nel tempo
Non hai fatto questo quiz